| 000 | 00437nam a2200181Ia 4500 | ||
|---|---|---|---|
| 001 | 9909 | ||
| 005 | 20260306161753.0 | ||
| 008 | 260306t2016||||xx |||||||||||||| ||spa|| | ||
| 041 | _aESP | ||
| 082 |
_a808.107 _bB48 |
||
| 100 |
_aBeuchat, Cecilia _eAUT |
||
| 245 | 0 | _aEscuchar, leer y escribir poesía con niños | |
| 260 | _c2016 | ||
| 300 |
_a316 páginas : _c24 cm. |
||
| 650 | _aGEN | ||
| 654 | _aCHU | ||
| 942 |
_cLIB _dJUS _fJUS _2ddc _n |
||
| 999 |
_c9909 _d9909 |
||